000 00827nam a22002777a 4500
001 BR7704489
003 BR-BrBNA
005 20230928085405.0
007 ta
008 230509b bl.||||| |||| 00| 0 por d
040 _aBR-BrBNA
_bpor
_cBiblioteca Nacional de Agricultura
041 _a(Por)
072 _aF00; E70
_b3530
_b2120
_b/G514
090 _ 3530 BR7704489
110 1 _aSecretaria de Estado da Agricultura, Curitiba, PR (Brasil). Depto. de Fiscalizacao
_98818
245 1 _aProjeto fiscalizacao do comercio e transito de mudas de cafeeiro no Estado do Parana [Brasil]
260 3 _aCuritiba, PR (Brasil):
_c1977.
300 _a14 p.
650 _aINSPECAO SANITARIA
650 _aMUDA
650 _aCAFE
650 _aVIVEIRO
650 _aPARANA
909 _a202309
_bLucia
_c55
_dLucia Elande
942 _cBK
999 _c24176
_d24176